000 00223nam a2200085Ia 4500
008 120527s9999 xx 000 0 und d
100 _aUman, B. david
245 _aNew product programs: their planning and control
942 _cBK
999 _c27806
_d27806